000 00507nam a2200181Ia 4500
003 GCL
008 140319s9999 xx 000 0 eng d
040 _aGCL /
_cGCL
082 0 4 _a611.018
_bW B
100 1 _aBURKITT, GEORGE
245 1 0 _aBASIC HISTOPATHOLOGY: A COLOUR ATLAS AND TEXT /
_cBURKITT, GEORGE
700 1 _aWHEATER, PAUL R.
700 1 _aSTEVENS, ALAN
260 _a[S.N] :
_bELBS WITH CHURCHILL LIVINGSTONE ،
_c1994
650 0 4 _aPATHOLOGY
650 0 4 _aHISTOPATHOLOGY
942 _2ddc
_cBK
999 _c19878
_d19878